Museos privados en la localidad de Bahía Blanca : análisis del público y de la difusión como estrategias de gestión para dinamizar el turismo cultural

Detalles Bibliográficos
Autor principal: Gómez Santarelli, Trinidad (Autor, Disertante)
Otros Autores: Leonardi, Viviana (Orientador, Directora), Gambarota, Daniela (Orientador, Codirectora)
Formato: Tesis eBook
Lenguaje:Espa�ol
Publicado: 2024.
Materias:
Acceso en línea:Repositorio del Departamento de Geografía y Turismo.
Etiquetas: Agregar Etiqueta
Sin Etiquetas, Sea el primero en etiquetar este registro!

MARC

LEADER 00000ntm a22000004a 4500
001 AR-BbUGT58383
003 AR-BbUGT
005 20250404115839.0
007 cr nn a|a|a|a|
008 250404s2024 ag a om 001 0 spa d
040 |a AR-BbUGT  |c AR-BbUGT  |e aacr2 
082 |a 380.14 
100 1 |a Gómez Santarelli, Trinidad.  |e Autor  |4 dis 
245 |a Museos privados en la localidad de Bahía Blanca :   |b análisis del público y de la difusión como estrategias de gestión para dinamizar el turismo cultural  |h [Recurso electrónico] /  |c tesista: Gómez Santarelli, Trinidad ; directora: Leonardi, Viviana ; co-directora: Gambarota, Daniela. 
260 |c 2024. 
300 |a 1 recurso en línea (75 p.) :   |b il. col. 
500 |a Descripción basada en el recurso electrónico; título tomado del PDF, (visto el 4 de abril de 2025).  
500 |a "Tesina de Licenciatura en Turismo" (Port.) 
502 |g Tesis  |b Grado  |c Universidad Nacional del Sur, Departamento de Geografía y Turismo.  |d 2024  |o 6899 
506 0 |a Acceso abierto. 
520 3 |a La presente investigación encauza como base al turismo cultural, focalizándose en el análisis de los métodos de difusión que utilizan los museos privados de Bahía Blanca y el público que visita a los mismos, con la finalidad de realizar propuestas para dinamizar el turismo cultural en la ciudad. El estudio se funda especialmente en los museos privados de Bahía Blanca. 
538 |a Modo de acceso: Internet.  
540 |a Reconocimiento-NoComercial-SinObraDerivada 4.0 (CC BY-NC-ND 4.0)  |u http://creativecommons.org/licenses/by-nc-nd/4.0/ 
650 |a Museos  |2 unbist 
650 |a Patrimonio cultural  |2 unbist 
650 |a Tiempo libre  |2 unbist 
650 |a Visitas con guías  |2 unbist 
651 4 |a Bahía Blanca (Argentina)  |9 257 
653 |a Turismo cultural 
653 |a Turismo urbano 
653 |a Circuito turístico 
700 1 |a Leonardi, Viviana.  |e Directora  |4 ths 
700 1 |a Gambarota, Daniela.  |e Codirectora  |4 ths 
710 2 |a Universidad Nacional del Sur.  |b Departamento de Geografía y Turismo  |4 dgg  |9 48 
856 4 |u https://repositoriodigital.uns.edu.ar/handle/123456789/6899  |y Repositorio del Departamento de Geografía y Turismo.  |3 Texto completo  |7 0  |2 http 
942 |c BK  |2 ddc  |h 380.14  |6 380_140000000000000 
999 |c 16161  |d 16161